00394nam a2200133 a 4500001000500000005001700005008004100022020001800063050001700081100001600098245007600114260003600190300003400226411020140414131925.0090202s19uu xx 00 eng d a0-7868-3746-2 aERbD65 2006 aWillems, Mo aDon't let the pigeon stay up late! /cwords and pictures by Mo Willems. aNew York :bScholastic,cc2006. a1 v. (unpaged) : col., ill. ;